000
00284nam a22001337a 4500
008
170315b xxu||||| |||| 00| 0 eng d
020
_a
9781902328409
041
_a
eng
080
_a
611
100
_a
7
101
_a
SHM
245
_a
ATLAS OF ANATOMY
_c
IAZZETTI, G
942
_2
udc
_c
BK
999
_c
7940
_d
7940